000 00371 a2200145 4500
001 149628
040 _cEscola São Tomás de Aquino
100 _aCHILD, Lauren
240 1 0 _aMeu tio é diver-tio-do, diz Clarice Bean
_lpor
245 1 0 _aMeu tio é diver-tio-do, diz Clarice Bean
362 0 _a2009
440 1 _aÁtica
697 _a*LITERATURA INFANTO
942 _cBK
999 _c149628
_d149628